Akik a legnépszerűbbek
Elmentve itt :
| Dokumentumtípus: | Cikk |
|---|---|
| Megjelent: |
2009-02-04
|
| Sorozat: | Fejér Megyei Hírlap
|
| Kulcsszavak: | Egyetemek rangsora, 2008 |
| Online Access: | http://univ.bibl.u-szeged.hu/36739 |
| LEADER | 00434nab a2200157 i 4500 | ||
|---|---|---|---|
| 001 | univ36739 | ||
| 005 | 20171214143010.0 | ||
| 008 | 171214s2009 hu o 0|| zxx d | ||
| 040 | |a SZTE UnivHistória Repozitórium |b hun | ||
| 041 | |a zxx | ||
| 245 | 0 | 0 | |a Akik a legnépszerűbbek |h [elektronikus dokumentum] |
| 260 | |c 2009-02-04 | ||
| 300 | |a 8 | ||
| 490 | 0 | |a Fejér Megyei Hírlap | |
| 561 | |a Egyetemi hirarchívum | ||
| 695 | |a Egyetemek rangsora, 2008 | ||